| 000 | 00723cam a22001814a 4500 | ||
|---|---|---|---|
| 005 | 20250605164353.0 | ||
| 008 | 250528s ||||||||||||||||||||||||d | ||
| 035 | _a24179 | ||
| 040 |
_aGR-AtMCL _bgre _dGR-AtMCL _eAACR2 |
||
| 245 | 1 | _aEuropean Railway Review / Celebrating over 20 Years of Working Together in Rail | |
| 260 |
_bEuropean Railway Review, _c2016 |
||
| 300 | _a66 | ||
| 520 | _aImproving Rolling Stock for the Future, Safety it's my Priority, Two New Tracks for Belgium's Busiest Railway Line, ProRail... on the Right Track!, HZ Infrastruktura Leading the Biggest EU Project in Croatia, Rail Financing Challenges. | ||
| 700 | 1 |
_aWaters Craig _99421 |
|
| 942 | _cCR | ||
| 999 |
_c9074 _d9074 |
||